000 00351nam a22001457a 4500
003 OSt
008 220826b |||||||| |||| 00| 0 eng d
020 _a0415271231
082 _a621.3678
_bWOO/IN
100 _aWoodhouse, lain H
_95250
245 _aIntroduction to microwave remote sensing
260 _btaylor&francis
300 _a370
942 _cBK
999 _c17552
_d17552